000
00322nam a22001217a 4500
008
160428b xxu||||| |||| 00| 0 eng d
020
_a
9780323026017
020
_a
032302601
041
_a
eng
080
_a
618.2
245
_a
Clinical nursing skills techniques;
_c
Anne Griffin Perry; Patricia A. Potter;
942
_2
udc
_c
BK
999
_c
1658
_d
1658